1574 1186 1415 1859 1819 1687 1284 1235 1179 1820 1725 1837 1403 1865 1365 1730 1523 1320 1191 1193 1852 1539 1017 1827 1828 1492 1961 1612 1780 1437 1817 1083 1083 1279 1582 1285 1354 1570 1598 1569 1041 1978 1389 1365 1066 1312 1969 1224 1799 1326 1977 1815 1435 1702 1781 1457 1330 1824 1025 1887 1992 1976 1595 1011 1703 1775 1950 1008 1974 1417 1980 1577 1309 1029 1591 1427 1115 1541 1602 1104 1891 1984 1469 1225 1702 1197 1516 1992 1175 1160 1937 1347 1989 1763 1442 1895 1747 1173 1870 BCNSPRNW ULIB Ver.6.0+V

เปลี่ยนเป็นภาษาไทย

Change to English
 แสดงรายละเอียดบรรณานุกรม
  กลับหน้าหลัก

Brief Record : Get Marc (ISO 2709) : E-mail record : QR code < ปิดหน้าต่าง
LEADER : 00000nam 2200000uu 4500
001    13399111125
003     ULIB
008    110616s||||||||th 000 0 tha d
020    9748463893
050  4 BF538.T35^bก793ย 2544
100 0  เกรียงศักดิ์ เจริญวงศ์ศักดิ์
245 10 ยิ่งกว่า EQ :^bคู่มือพัฒนาชีวิตให้ลูกน้อย /^cเกรียงศักดิ์ เจริญวงศ์ศักดิ์
260    กรุงเทพฯ :^bซัคเซสมีเดีย,^c2544
300    120 หน้า ;^c21 ซม.
440  0 หนังสือชุด ครอบครัวแสนสุข
650  7 บิดามารดาและบุตร
650  7 บุตร^xการสอน
650  7 บุตร^xการดูแล
945    ^p125^l0^i013715
945    ^p125^l0^i013714
945    ^p125^l0^i013713
995    ทศพร
999 ^a ใช้งานได้ทุกระบบ
รายการนี้ยังไม่มีแท็ก
คุณยังไม่ได้ล็อกอิน คุณสามารถมีกิจกรรมร่วมกับเว็บไซต์ได้ แต่ต้องล็อกอินก่อน ::
  ล็อกอิน

รายการสื่อสารสนเทศ

ลำดับที่ ประเภท เลขเรียก/บาร์โค้ด สถานที่ สถานะ
- ไม่พบข้อมูล -

รายการใกล้เคียง
    ผู้แต่ง [เกรียงศักดิ์ เจริญวงศ์ศักดิ์]

    หัวเรื่อง [บิดามารดาและบุตร]

BibComment


ยังไม่เคยถูกคอมเมนท์

คอมเมนท์ทรัพยากรรายการนี้
  คอมเมนท์: ยิ่งกว่า EQ คู่ม..


 Copyright 2026. Bcnsprnw @Library